Dynamika ISO manažérskych štandardov

Globalizácia a otváranie medzinárodných trhov, ich vyspelosť a nasýtenosť významne vplýva na rozsah a štruktúru používania manažérskych štandardov, ich implementáciu a certifikáciu. Cieľom článku a súvisiaceho výskumu je podrobnejšia analýza certifikácie podľa uvedených štandardov z pohľadu možných...

Description complète

Enregistré dans:
Détails bibliographiques
Auteur principal: Džubáková, Martina
Format: Chapitre de livre
Langue:slovaque
Sujets:
Tags: Ajouter un tag
Pas de tags, Soyez le premier à ajouter un tag!

MARC

LEADER 00000nla a2200000 4500
001 0195986
005 20240502073312.7
041 0 |a slo 
044 |a SK 
245 1 0 |a Dynamika ISO manažérskych štandardov  |c Martina Džubáková 
520 |a Globalizácia a otváranie medzinárodných trhov, ich vyspelosť a nasýtenosť významne vplýva na rozsah a štruktúru používania manažérskych štandardov, ich implementáciu a certifikáciu. Cieľom článku a súvisiaceho výskumu je podrobnejšia analýza certifikácie podľa uvedených štandardov z pohľadu možných vzájomných väzieb, vývoja geografickej štruktúry certifikácie a dynamiky rastu na jednotlivých trhoch. 
610 2 0 |a normy ISO 
610 2 0 |a štandardy 
610 2 0 |a certifikácia 
100 1 |a Džubáková, Martina